Southville International School and Colleges
Your cart is empty.
  • Cart
  • Lists
    Public lists Eva Luna New books Lux_list list_1
    Your lists Log in to create your own lists
  • Log in to your account
  • Your cookies
  • Search history
Southville International School and Colleges
  • Advanced search
  • Recent comments
  • Most popular
  • Libraries

Log in to your account

Log in with GOOGLE


If you do not have an external account, but do have a local account, you can still log in:

  1. Home
  2. MARC view: Baby animals /
Normal view MARC view ISBD view

Baby animals / (Record no. 292010)

[ view plain ]
MARC details
000 -LEADER
fixed length control field 00513nam a2200193Ia 4500
008 - FIXED-LENGTH DATA ELEMENTS--GENERAL INFORMATION
fixed length control field 160319s9999 xx 000 0 und d
020 ## - INTERNATIONAL STANDARD BOOK NUMBER
International Standard Book Number 9780439867979
050 ## - LIBRARY OF CONGRESS CALL NUMBER
Classification number 590
050 ## - LIBRARY OF CONGRESS CALL NUMBER
Item number W286b 1996
100 ## - MAIN ENTRY--PERSONAL NAME
Personal name Warren, Elizabeth Warren.
245 ## - TITLE STATEMENT
Title Baby animals /
245 ## - TITLE STATEMENT
Statement of responsibility, etc written by Elizabeth Warren ; illustrated by Peter Barrett.
260 ## - PUBLICATION, DISTRIBUTION, ETC. (IMPRINT)
Place of publication, distribution, etc New York :
260 ## - PUBLICATION, DISTRIBUTION, ETC. (IMPRINT)
Name of publisher, distributor, etc Scholastic,
260 ## - PUBLICATION, DISTRIBUTION, ETC. (IMPRINT)
Date of publication, distribution, etc 1996
300 ## - PHYSICAL DESCRIPTION
Extent 46 pages :
300 ## - PHYSICAL DESCRIPTION
Other physical details color illustrations ;
440 ## - SERIES STATEMENT/ADDED ENTRY--TITLE
Title I can read about.
Holdings
Withdrawn status Lost status Damaged status Home library Current library Shelving location Date acquired Total Checkouts Full call number Barcode Date last seen Price effective from Koha item type
      Stonyhurst Southville International School (Batangas) Stonyhurst Southville International School (Batangas) Grade School Section 03/19/2016   590 .W286b 1996 LS- 3816 03/19/2016 03/19/2016 Books

Baby animals /

APA

Warren E. W., .Baby animals. New York: .

Chicago

Warren Elizabeth Warren, .Baby animals. New York: .

Harvard

Warren E. W., .Baby animals. New York: .

MLA

Warren Elizabeth Warren, .New York: . .

  • Place hold
  • Print
  • Cite
  • Add to your cart (remove)
  • Save record
    BIBTEX Dublin Core MARCXML MARC (non-Unicode/MARC-8) MARC (Unicode/UTF-8) MARC (Unicode/UTF-8, Standard) MODS (XML) RIS
  • More searches
    Search for this title in:
    Other Libraries (WorldCat) Other Databases (Google Scholar) Online Stores (Bookfinder.com) Open Library (openlibrary.org)

Exporting to Dublin Core...

SOUTHVILLE LIBRARY

Southville International School and Colleges Library

1281 Tropical Ave. Cor. Luxembourg St., BF Homes International, Las Pinas City

Tel. No. 8256374 / 252358 Loc. 117/146

Powered by Koha